| 000 | 00000nas 2200000za 4500 |
| 001 | 9.846523 |
| 003 | CaOODSP |
| 005 | 20221107153225 |
| 007 | cr ||||||||||| |
| 008 | 171102d19691987oncar p oss f0###a0eng|d |
| 022 | |y0575-8521 |
| 040 | |aCaOODSP|beng |
| 041 | |aeng|afre |
| 043 | |an-cn--- |
| 086 | 1 |aCS68-211-PDF |
| 245 | 00|aFederal government finance, revenue and expenditure, assets and liabilities |h[electronic resource] / |cStatistics Canada, Governments Division, Federal Governments Section = Finances de l'administration publique fédérale, recettes et dépenses, actif et passif / Statistique Canada, Division des administrations publiques, Section de l'administration publique fédérale. |
| 246 | 11|aFinances de l'administration publique fédérale, recettes et dépenses, actif et passif |
| 246 | 13|aFinances de l'administration publique fédérale, revenus et dépenses, actif et passif|f1971-1973 |
| 246 | 13|aFinances publiques fédérales, revenus et dépenses, actif et passif|f1974-1978 |
| 246 | 13|aFinances publiques fédérales, recettes et dépenses, actif et passif|f1979-1986/87 |
| 260 | |a[Ottawa] :|bStatistics Canada = Statistique Canada, |c1972-1989. |
| 310 | |aAnnual |
| 362 | 0 |a1969-1986/87. |
| 500 | |aDigitized edition from print [produced by Statistics Canada]. |
| 515 | |aReport year ends Mar. 31. |
| 546 | |aText in English and French. |
| 550 | |aIssued 1980-1981 by Consolidated and Federal Government Section; 1982-1983, 1985-1986/87 by Public Institutions Division; 1984 by Revenue and Expenditure Section. |
| 692 | 07|2gccst|aPublic finance |
| 710 | 1 |aCanada. |bStatistics Canada. |bFederal Government Section. |
| 710 | 2 |aStatistics Canada.|bConsolidated and Federal Government Section. |
| 710 | 2 |aStatistics Canada.|bPublic Institutions Division. |
| 710 | 2 |aStatistics Canada.|bRevenue and Expenditure Section. |
| 780 | 00|tFederal government finance, revenue and expenditure, direct and indirect debt |w(CaOODSP)9.846522 |
| 792 | |tFederal government finance, revenue and expenditure, assets and liabilities |efre|w(CaOODSP)9.846528 |